Principles of the Bata management system : (study) /

Hlavní autor: Rybka, Zdeněk, 1927-
Jazyk: Angličtina
Vydáno: Zlín : Faculty of Management and Economics, Tomas Bata University, 2008
Vydání: 2nd ed.
Edice: Study
Témata:
Externí odkaz: Digitalizovaný dokument
Fyzický popis: 104 s. : il., portréty ; 21 cm
Knihy
Uloženo v:
LEADER 02539nam a2200685 a 4500
001 nkc20081832680
003 CZ PrNK
005 20260311094806.0
007 ta
008 090106s2008 xr ac f 000 0deng
015 |a cnb001832680 
020 |a 978-80-7318-728-6  |q (brož.) 
035 |a (OCoLC)316301368 
040 |a ABA001  |b cze 
041 1 |a eng  |h cze 
043 |a e-xr---  |b e-xr-zl  |2 czenas 
045 |a x0x3 
072 7 |a 658  |x Řízení a správa podniku  |2 Konspekt  |9 4 
080 |a 658.114-051  |2 MRF 
080 |a 658  |2 MRF 
080 |a 658.114  |2 MRF 
080 |a 316.64  |2 MRF 
080 |a 17.024.4  |2 MRF 
080 |a (437.323)  |2 MRF 
080 |a (048.8)  |2 MRF 
100 1 |a Rybka, Zdeněk,  |d 1927-  |7 jn20000620320  |4 aut 
240 1 0 |a Základní zásady Baťova systému pro podnikatele a vedoucí pracovníky.  |l Anglicky  |7 aun20261290922 
245 1 0 |a Principles of the Bata management system :  |b (study) /  |c Zdeněk Rybka 
250 |a 2nd ed. 
260 |a Zlín :  |b Faculty of Management and Economics, Tomas Bata University,  |c 2008 
300 |a 104 s. :  |b il., portréty ;  |c 21 cm 
490 1 |a Study 
500 |a Přeloženo z češtiny? 
500 |a Chronologický přehled 
500 |a 250 výt. 
504 |a Obsahuje bibliografii 
600 1 7 |a Baťa, Tomáš,  |d 1876-1932  |7 jk01011102  |2 czenas 
648 7 |a 20. století  |7 ch460558  |2 czenas 
650 0 7 |a podnikatelé  |7 ph124163  |z Česko  |y 20. století  |2 czenas 
650 0 7 |a podnikový management  |7 ph115763  |2 czenas 
650 0 7 |a podnikání  |7 ph115766  |2 czenas 
650 0 7 |a názory a postoje  |7 ph137634  |2 czenas 
650 0 7 |a úspěch  |7 ph128351  |2 czenas 
650 0 9 |a businessmen  |z Czechia  |y 20th century  |2 eczenas 
650 0 9 |a industrial management  |2 eczenas 
650 0 9 |a business  |2 eczenas 
650 0 9 |a views and attitudes  |2 eczenas 
650 0 9 |a success  |2 eczenas 
651 7 |a Zlín (Česko)  |7 ge128609  |2 czenas 
651 9 |a Zlín (Czechia)  |2 eczenas 
655 7 |a studie  |7 fd133597  |2 czenas 
655 9 |a studies  |2 eczenas 
810 2 |a Univerzita Tomáše Bati ve Zlíně.  |b Fakulta managementu a ekonomiky.  |t Studie  |0 s 
856 4 1 |u http://www.digitalniknihovna.cz/mzk/uuid/uuid:a3befe20-8fe6-11e3-bd09-005056827e51  |y Digitalizovaný dokument  |x NDK 
910 2 |a BOA001  |b 2-1214.813 
928 9 |a Univerzita Tomáše Bati ve Zlíně, Fakulta managementu a ekonomiky 
990 |a BK 
995 |a 01 
991 |b 200901  |c NOV 
996 6 |b 2610357161  |c 2-1214.813  |l MZK  |r Sklad / do 1 hodiny  |n 3  |p p.v.  |w 000924248  |u 000010  |a 1  |e BOA001  |j MZK50  |s P